Fast math: multiplication #3 - Statistics

General Stats
  • This quiz has been taken 1,102 times
  • The average score is 8 of 9
Answer Stats
Hint Answer % Correct
12x12 144
99%
26x4 104
98%
14x5 70
98%
120x40 4800
96%
32x12 384
93%
22x18 396
85%
500x196 98000
77%
157x21 3297
72%
44x44 1936
67%
No matching quizzes found
Score Distribution
Percent of People with Each Score
Percentile by Number Answered
Your Score History
You have not taken this quiz